USA 200 most popular C names for baby girls 2016 - Statistics

General Stats
  • This quiz has been taken 3,076 times
  • The average score is 76 of 200
Answer Stats
NAME % Correct
Carol
87%
Charlette
86%
Charlotte
86%
Chloe
85%
Chloee
85%
Cloe
85%
Caraline
84%
Caroline
84%
Carolyn
84%
Carolynn
84%
Catherine
83%
Cora
81%
Christina
80%
Cristina
80%
Christine
77%
Claire
77%
Clare
77%
Claira
76%
Clara
76%
Cara
74%
Charlee
74%
Charleigh
74%
Charley
74%
Charli
74%
Charlie
74%
Charly
74%
Carlee
72%
Carleigh
72%
Carley
72%
Carli
72%
Carlie
72%
Carly
72%
Cassandra
71%
Calleigh
70%
Calli
70%
Callie
70%
Cassie
70%
Camila
69%
Camilla
69%
Carla
68%
Cecelia
66%
Cecilia
66%
Cameron
65%
Cameryn
65%
Camryn
65%
Carolina
64%
Candace
63%
Candice
63%
Cindy
63%
Carrie
62%
Candy
61%
Caitlin
59%
Caitlyn
59%
Caitlynn
59%
Cori
59%
Corrie
59%
Camille
58%
Carmen
58%
Carmyn
58%
Cathy
58%
Connie
58%
Coral
58%
Cynthia
57%
Casey
55%
Chelsea
54%
Chelsey
54%
Chelsy
54%
Cassidy
53%
Cristal
52%
Cristel
52%
Crystal
52%
Celia
49%
Clarissa
49%
Courtney
48%
Cali
46%
Charlene
46%
Cheryl
46%
Corinne
46%
Corrine
46%
Cleo
45%
Cailee
44%
Cailey
44%
Caleigh
44%
Caylee
44%
Cayleigh
44%
Chiara
44%
Ciara
44%
Colleen
44%
Caris
43%
Carys
43%
Charis
43%
Cadence
42%
Caidence
42%
Caydence
42%
Constance
41%
Celeste
40%
Coraline
40%
Carina
39%
Charity
39%
Claudia
39%
Celine
37%
Colette
37%
Collette
37%
Christa
36%
Christy
34%
Cayla
33%
Cheyanne
33%
Cheyenne
33%
Celina
31%
Christian
31%
Clementine
29%
Carter
28%
Catalina
26%
Clarice
26%
Carissa
25%
Cecily
25%
Carmela
24%
Carmella
24%
Chase
24%
Carson
23%
Carsyn
23%
Chanel
23%
Chanelle
23%
Corina
23%
Calista
22%
Callista
22%
Coco
21%
Camden
20%
Camdyn
20%
Christiana
20%
Christianna
20%
Cordelia
20%
Calliope
18%
Cooper
18%
Calla
17%
Clover
17%
Cayden
16%
Charlize
16%
Cierra
16%
Cienna
15%
Coralee
15%
Coralie
15%
Chasity
14%
Chassidy
14%
Catarina
13%
Chandler
13%
Chyna
13%
Cosette
13%
Capri
12%
Catalaya
12%
Cataleya
12%
Cattleya
12%
Ciana
11%
Cianna
11%
Calia
10%
Caliyah
10%
Cherish
10%
Cambree
9%
Cambri
9%
Cambrie
9%
Cassia
9%
Chana
9%
Caelyn
8%
Cailyn
8%
Cailynn
8%
Chaya
8%
Caia
7%
Charisma
7%
Colbie
7%
Collins
7%
Campbell
6%
Carlota
6%
Channing
6%
Cydney
6%
Cambria
5%
Coralyn
5%
Coralynn
5%
Crimson
5%
Camellia
4%
Chesney
4%
Clarke
4%
Cerenity
3%
Chava
3%
Caliana
2%
Chevy
2%
Cielo
2%
Constanza
2%
Cypress
2%
Camari
1%
Camiyah
1%
Carrington
1%
Chany
1%
Charleston
1%
Cherokee
1%
Chevelle
1%
Cing
1%
Citlali
1%
Citlalli
1%
Citlaly
1%
No matching quizzes found
Score Distribution
Percent of People with Each Score
Percentile by Number Answered
Your Score History
You have not taken this quiz